What Country Is This City In? - Statistics

General Stats
  • This quiz has been taken 111 times
  • The average score is 14 of 16
Answer Stats
City Country % Correct
San Salvador El Salvador
96%
Naples Italy
96%
Perth Australia
94%
Brasilia Brazil
94%
Mumbai India
93%
Cape Town South Africa
93%
Glasgow United Kingdom
93%
Kyoto Japan
92%
Valencia Spain
91%
Lagos Nigeria
85%
Christchurch New Zealand
82%
Halifax Canada
77%
Jeddah Saudi Arabia
76%
Yakutsk Russia
75%
Fes Morocco
70%
Apia Samoa
52%
No matching quizzes found
Score Distribution
Percent of People with Each Score
Percentile by Number Answered
Your Score History
You have not taken this quiz